[Event "XXVI Torneo Abierto de Collado"]
[Site "Collado Villalba"]
[Date "2010.08.21"]
[Round "2"]
[White "Tudela Corbalan, Carlos"]
[Black "Perez Pascual, Arturo"]
[Result "1-0"]
[WhiteElo "2209"]
[BlackElo "1999"]
[PlyCount "71"]
[EventDate "2010.08.20"]
[EventRounds "9"]
[EventCountry "ESP"]

1. e4 e5 2. f4 exf4 3. Bc4 g5 4. Nf3 Bg7 5. h4 h6 6. d4 d6 7. c3 Nc6 8. Qe2 Qe7
9. Na3 a6 10. Bd2 Bg4 11. O-O-O Nf6 12. Rde1 Nd7 13. Qf2 O-O-O 14. b4 b5 15. d5
Nxb4 16. Nxb5 axb5 17. Bxb5 Bxf3 18. cxb4 Qe5 19. gxf3 Qb2+ 20. Kd1 Bd4 21. Qe2
Qb1+ 22. Bc1 Qxb4 23. Bc6 Nc5 24. Qb5 Qc3 25. Re2 Qd3+ 26. Qxd3 Nxd3 27. Rhh2
Nxc1 28. Kxc1 Kb8 29. Rc2 Ka7 30. Rc4 Be5 31. Rhc2 Rb8 32. Ra4+ Kb6 33. Rcc4 g4
34. a3 g3 35. Rcb4+ Kc5 36. Ra5+ 1-0

[Event "XXVI Torneo Abierto de Collado"]
[Site "Collado Villalba"]
[Date "2010.08.21"]
[Round "2"]
[White "Pastor Alonso De Prado, Emilio"]
[Black "Serrano Martinez, Francisco Jos"]
[Result "1-0"]
[WhiteElo "2195"]
[BlackElo "1985"]
[PlyCount "79"]
[EventDate "2010.08.20"]
[EventRounds "9"]
[EventCountry "ESP"]

1. e4 c5 2. Nf3 Nc6 3. Bb5 e6 4. O-O Nge7 5. Re1 a6 6. Bf1 d5 7. e5 Ng6 8. c3
Be7 9. d4 O-O 10. b3 b5 11. Bb2 Bb7 12. Na3 Rc8 13. Nc2 cxd4 14. cxd4 Nb4 15.
Nxb4 Bxb4 16. Re3 Ne7 17. a3 Ba5 18. Bd3 Nf5 19. Bxf5 exf5 20. b4 Bb6 21. Nd2
f4 22. Rf3 Qg5 23. Nb3 Rc4 24. Bc1 Bc8 25. Bxf4 Qh5 26. Qd2 Bf5 27. Rc1 Rfc8
28. Nc5 Rxc1+ 29. Qxc1 a5 30. h3 axb4 31. axb4 Ra8 32. Ra3 Rxa3 33. Qxa3 Qd1+
34. Kh2 g5 35. Bxg5 Qxd4 36. Qa8+ Kg7 37. Bf6+ Kh6 38. Qf8+ Kh5 39. g4+ Bxg4
40. Qxf7+ 1-0

[Event "XXVI Torneo Abierto de Collado"]
[Site "Collado Villalba"]
[Date "2010.08.21"]
[Round "2"]
[White "Cardenas Serrano, Sergio"]
[Black "Sanchez Millan, Eduardo"]
[Result "1-0"]
[WhiteElo "2136"]
[BlackElo "1975"]
[PlyCount "49"]
[EventDate "2010.08.20"]
[EventRounds "9"]
[EventCountry "ESP"]

1. d4 Nf6 2. c4 e6 3. Nc3 c5 4. d5 exd5 5. cxd5 d6 6. e4 g6 7. Bd3 Bg7 8. h3
O-O 9. Nf3 b5 10. Bxb5 Nxe4 11. Nxe4 Qa5+ 12. Nfd2 Qxb5 13. Nxd6 Qa6 14. N2c4
Nd7 15. O-O Ne5 16. Nxe5 Bxe5 17. Ne4 Bf5 18. Nxc5 Qc4 19. Re1 Rfe8 20. Nb3
Rad8 21. d6 Bc2 22. Qf3 Bxd6 23. Bg5 Rc8 24. Bh6 Be4 25. Nd2 1-0

[Event "XXVI Torneo Abierto de Collado"]
[Site "Collado Villalba"]
[Date "2010.08.21"]
[Round "2"]
[White "Lorite Cruz, Francisco"]
[Black "Velasco Garcia, Jorge Juan"]
[Result "1-0"]
[WhiteElo "2127"]
[BlackElo "1910"]
[PlyCount "25"]
[EventDate "2010.08.20"]
[EventRounds "9"]
[EventCountry "ESP"]

1. e4 Nf6 2. Nc3 e5 3. Nf3 Nc6 4. Bc4 Nxe4 5. Nxe4 d5 6. Bd3 dxe4 7. Bxe4 Bc5
8. c3 O-O 9. O-O Re8 10. d3 f5 11. Ng5 Na5 12. Qh5 h6 13. Bd5+ 1-0

[Event "XXVI Torneo Abierto de Collado"]
[Site "Collado Villalba"]
[Date "2010.08.21"]
[Round "2"]
[White "Ponce Lopez, Miguel"]
[Black "Marcos Herrero, Francisco"]
[Result "1-0"]
[WhiteElo "2106"]
[BlackElo "1880"]
[PlyCount "119"]
[EventDate "2010.08.20"]
[EventRounds "9"]
[EventCountry "ESP"]

1. e4 c5 2. Nf3 d6 3. d4 Nf6 4. Nc3 cxd4 5. Nxd4 g6 6. Be2 Bg7 7. O-O O-O 8.
Be3 Nc6 9. Nb3 Be6 10. f4 Na5 11. Nxa5 Qxa5 12. Bd4 Rac8 13. Rf2 Qb4 14. a3 Qa5
15. Bf3 Rfd8 16. Qd2 a6 17. Qe3 Ng4 18. Bxg4 Bxd4 19. Qxd4 Bxg4 20. f5 Qc5 21.
Qxc5 Rxc5 22. h3 Bxf5 23. exf5 gxf5 24. Raf1 e6 25. g4 fxg4 26. Rxf7 Rg5 27.
Rxb7 gxh3+ 28. Kh2 Rg7 29. Rxg7+ Kxg7 30. Kxh3 d5 31. Rf4 e5 32. Rf5 d4 33. Ne4
d3 34. cxd3 Rxd3+ 35. Kg4 Rb3 36. Rf2 Rb5 37. Kf5 a5 38. Rg2+ Kf8 39. Nf6 h5
40. Nd7+ Ke7 41. Nxe5 h4 42. a4 Rc5 43. Rg7+ Kf8 44. Rh7 Rc2 45. b3 Rc3 46.
Rxh4 Rxb3 47. Rh8+ Ke7 48. Ra8 Kd6 49. Ra6+ Kc7 50. Rxa5 Kb7 51. Ke4 Rc3 52.
Kd4 Ra3 53. Nc4 Ra1 54. Kc5 Rc1 55. Rb5+ Ka6 56. Rb6+ Ka7 57. Rh6 Ra1 58. Kb5
Rb1+ 59. Ka5 Rb7 60. Ra6+ 1-0

[Event "XXVI Torneo Abierto de Collado"]
[Site "Collado Villalba"]
[Date "2010.08.21"]
[Round "2"]
[White "Pardo Robles, Jose Manuel"]
[Black "Rodriguez Gomez, Vicente"]
[Result "1-0"]
[WhiteElo "1874"]
[BlackElo "2026"]
[PlyCount "147"]
[EventDate "2010.08.20"]
[EventRounds "9"]
[EventCountry "ESP"]

1. e4 e5 2. Nf3 Nc6 3. Bb5 a6 4. Ba4 Nf6 5. O-O Be7 6. Re1 b5 7. Bb3 O-O 8. c3
d5 9. exd5 Nxd5 10. Nxe5 Nxe5 11. Rxe5 c6 12. d3 Bd6 13. Re1 Qh4 14. g3 Qh3 15.
Re4 Nf6 16. Rh4 Qf5 17. Bc2 Qg6 18. d4 Bf5 19. Bxf5 Qxf5 20. Bf4 Be7 21. Be5
Nd5 22. Rh5 Qg6 23. g4 f6 24. Bg3 Rae8 25. Nd2 Bd8 26. Rc1 Rf7 27. Qf3 Rfe7 28.
c4 Nb4 29. cxb5 Re1+ 30. Rxe1 Rxe1+ 31. Kg2 axb5 32. Qb3+ Nd5 33. Rxd5 cxd5 34.
Qxd5+ Kh8 35. Qxd8+ Re8 36. Qd7 h5 37. gxh5 Qxh5 38. Qh3 Qxh3+ 39. Kxh3 Re2 40.
Bf4 Rxf2 41. Kg3 Re2 42. Kf3 Re1 43. d5 Kg8 44. Bc7 Kf7 45. d6 Ke8 46. Ne4 Rc1
47. b4 Kd7 48. Nc5+ Kc6 49. Ba5 Kxd6 50. a4 bxa4 51. Nxa4 Ra1 52. Nb6 Ke6 53.
Nc4 Ra2 54. h3 Rc2 55. Ne3 Rb2 56. h4 g6 57. Kg4 Rb1 58. Ng2 Rb3 59. Nf4+ Kf7
60. h5 g5 61. Ne2 Rb2 62. Nd4 Ra2 63. Bb6 Rh2 64. Nf3 Rb2 65. Bc5 Rg2+ 66. Kh3
Rb2 67. Nd4 Rb1 68. Nf5 Rc1 69. Bf2 Rc3+ 70. Kg2 Rb3 71. b5 Rb2 72. b6 Ke6 73.
h6 Kf7 74. h7 1-0

[Event "XXVI Torneo Abierto de Collado"]
[Site "Collado Villalba"]
[Date "2010.08.21"]
[Round "2"]
[White "Perez De Villar Munoz, Eusebio"]
[Black "Valenzuela Canovas, Gabriel"]
[Result "1-0"]
[WhiteElo "2038"]
[BlackElo "1830"]
[PlyCount "47"]
[EventDate "2010.08.20"]
[EventRounds "9"]
[EventCountry "ESP"]

1. e4 c5 2. Nf3 d6 3. d4 cxd4 4. Nxd4 Nf6 5. Nc3 g6 6. Be2 Bg7 7. O-O O-O 8.
Be3 Nc6 9. f4 Bd7 10. Qd2 Nxd4 11. Bxd4 Bc6 12. Bf3 Ne8 13. Rad1 Bxd4+ 14. Qxd4
Ng7 15. b4 Ne6 16. Qe3 Nc7 17. a4 Qc8 18. b5 Bd7 19. Rd2 Bg4 20. f5 Bxf3 21.
Rxf3 b6 22. Qh6 Rd8 23. Rh3 e6 24. f6 1-0

[Event "XXVI Torneo Abierto de Collado"]
[Site "Collado Villalba"]
[Date "2010.08.21"]
[Round "2"]
[White "Barahona Torrijos, Angel"]
[Black "Valles Moreno, Ivan"]
[Result "0-1"]
[WhiteElo "1927"]
[BlackElo "2394"]
[PlyCount "64"]
[EventDate "2010.08.20"]
[EventRounds "9"]
[EventCountry "ESP"]

1. d4 f5 2. Bg5 g6 3. Nd2 Bg7 4. e4 fxe4 5. Nxe4 d5 6. Ng3 Nh6 7. Bd3 Nf7 8.
Nf3 Nxg5 9. Nxg5 e5 10. h4 e4 11. O-O O-O 12. N3xe4 dxe4 13. Bc4+ Kh8 14. c3 b5
15. Bb3 Bb7 16. Qg4 Nd7 17. Ne6 Qe7 18. Nxf8 Rxf8 19. Rae1 Nf6 20. Qg5 Qd7 21.
Re3 Nh5 22. f4 Rf5 23. Qg4 c5 24. dxc5 Bf8 25. Rd1 Qe8 26. Rg3 Bxc5+ 27. Kh2
Nf6 28. Qe2 Rxf4 29. Rg5 Rxh4+ 30. Kg3 Rh5 31. Rxh5 Nxh5+ 32. Kh2 Qe5+ 0-1

[Event "XXVI Torneo Abierto de Collado"]
[Site "Collado Villalba"]
[Date "2010.08.21"]
[Round "2"]
[White "Alvarez Carbajales, Fermin"]
[Black "Vega Gomez, Francisco B"]
[Result "0-1"]
[WhiteElo "1915"]
[BlackElo "2229"]
[PlyCount "68"]
[EventDate "2010.08.20"]
[EventRounds "9"]
[EventCountry "ESP"]

1. e4 d5 2. exd5 Qxd5 3. Nc3 Qa5 4. d4 Nf6 5. Bd2 c6 6. Bc4 Bf5 7. Nd5 Qd8 8.
Nxf6+ gxf6 9. c3 e6 10. Qf3 h5 11. h3 Nd7 12. Ne2 Nb6 13. Bb3 a5 14. a4 h4 15.
O-O-O Nd5 16. Rhe1 Qd6 17. c4 Nb4 18. Bf4 Bh6 19. Bxh6 Rxh6 20. d5 cxd5 21. Nd4
Be4 22. Qe3 Rh5 23. f3 Bg6 24. Nb5 Qc6 25. Qd4 dxc4 26. Na7 Qc5 27. Bxc4 Qxd4
28. Rxd4 Rxa7 29. Red1 b6 30. Rd8+ Ke7 31. Rb8 Rc5 32. b3 Nd3+ 33. Kd2 Nb2 34.
Rc1 Nxc4+ 0-1

[Event "XXVI Torneo Abierto de Collado"]
[Site "Collado Villalba"]
[Date "2010.08.21"]
[Round "2"]
[White "Tevar Sanz, Gonzalo"]
[Black "Cao Armillas, Jesus"]
[Result "0-1"]
[WhiteElo "1887"]
[BlackElo "2191"]
[PlyCount "132"]
[EventDate "2010.08.20"]
[EventRounds "9"]
[EventCountry "ESP"]

1. d4 Nf6 2. Bf4 d6 3. e3 Nbd7 4. Nf3 g6 5. Bd3 Bg7 6. c4 Nh5 7. Bg3 Nxg3 8.
hxg3 c5 9. Nc3 Qa5 10. Qa4 Qxa4 11. Nxa4 cxd4 12. exd4 Nf6 13. Nc3 Bd7 14. O-O
O-O 15. Rfe1 e6 16. Rac1 Rfc8 17. b4 a6 18. c5 dxc5 19. dxc5 a5 20. a3 axb4 21.
axb4 Ra3 22. Bc4 Bc6 23. Nb5 Bxb5 24. Bxb5 Nd5 25. Ne5 Bxe5 26. Rxe5 Nxb4 27.
Rb1 Nc2 28. Be2 Rc7 29. Bf3 Ra7 30. c6 bxc6 31. Rc5 Nd4 32. Rb6 Ra1+ 33. Kh2
Rf1 34. Rb2 Kf8 35. g4 Ke7 36. Kg3 Kd6 37. Rc4 e5 38. Rb6 f5 39. gxf5 gxf5 40.
Rb2 Rh1 41. Rxd4+ exd4 42. Kf4 Re1 43. Kxf5 Rf7+ 44. Kg4 Re6 45. Kh4 Rxf3 46.
gxf3 Rg6 47. f4 Kd5 48. f5 Rg8 49. f6 Ke6 50. Rb6 Kxf6 51. Rxc6+ Ke5 52. Rc7
Rd8 53. Kg4 d3 54. Re7+ Kd4 55. Rxh7 d2 56. Rh1 Rg8+ 57. Kf3 Kd3 58. Ra1 Rc8
59. Ra3+ Rc3 60. Ra1 Rc1 61. Ra3+ Kd4 62. Ra4+ Kc5 63. Ra5+ Kb6 64. Rd5 d1=Q+
65. Rxd1 Rxd1 66. Ke4 Kc6 0-1

[Event "XXVI Torneo Abierto de Collado"]
[Site "Collado Villalba"]
[Date "2010.08.21"]
[Round "2"]
[White "Martin Carmona, Gaston"]
[Black "Aziz Ortego, Omar Luis"]
[Result "0-1"]
[WhiteElo "1875"]
[BlackElo "2088"]
[PlyCount "102"]
[EventDate "2010.08.20"]
[EventRounds "9"]
[EventCountry "ESP"]

1. e4 e6 2. d4 d5 3. e5 c5 4. c3 Nc6 5. Nf3 Bd7 6. a3 a5 7. Bd3 h6 8. b3 b5 9.
O-O a4 10. dxc5 Bxc5 11. b4 Bb6 12. Qe2 Na7 13. Be3 Bxe3 14. Qxe3 Ne7 15. Nd4
Qc7 16. f4 O-O-O 17. Nd2 Kb8 18. Be2 g6 19. N2f3 Nec8 20. Ne1 Nb6 21. Nef3 Rc8
22. Rfc1 Ka8 23. Ne1 Qb8 24. Nd3 Nc4 25. Qf2 Nc6 26. Nc5 Rhd8 27. Bxc4 dxc4 28.
Qf3 Be8 29. Rd1 Ka7 30. Qe3 Qb6 31. Kf2 Ne7 32. Nxb5+ Bxb5 33. Rd6 Rxd6 34.
exd6 Nf5 35. Qe5 Qxd6 36. Qxd6 Nxd6 37. Rd1 Nb7 38. Ne4 Rd8 39. Rxd8 Nxd8 40.
Nd6 Kb6 41. Ke3 Kc6 42. Nxb5 Kxb5 43. Ke4 Nc6 44. g4 f5+ 45. gxf5 exf5+ 46. Kf3
g5 47. h3 Nxb4 48. cxb4 c3 49. Ke2 gxf4 50. h4 f3+ 51. Kxf3 c2 0-1

[Event "XXVI Torneo Abierto de Collado"]
[Site "Collado Villalba"]
[Date "2010.08.21"]
[Round "2"]
[White "Lopez Heras, Arturo"]
[Black "Jordana Vargas, Julio"]
[Result "1-0"]
[WhiteElo "2024"]
[BlackElo "1922"]
[PlyCount "63"]
[EventDate "2010.08.20"]
[EventRounds "9"]
[EventCountry "ESP"]

1. c4 Nf6 2. Nc3 c5 3. Nf3 Nc6 4. d4 cxd4 5. Nxd4 g6 6. e4 d6 7. Be2 Bg7 8. Be3
O-O 9. O-O Bd7 10. Qd2 Nxd4 11. Bxd4 Bc6 12. f3 a6 13. a4 Rc8 14. a5 Nd7 15.
Bxg7 Kxg7 16. b4 b6 17. Qd4+ Kg8 18. axb6 Bb7 19. Na4 Rc6 20. Rfd1 Nxb6 21. b5
axb5 22. cxb5 Rc2 23. Bd3 Nxa4 24. Bxc2 Nc5 25. e5 Ne6 26. Qa7 Qc7 27. exd6
exd6 28. Bb3 d5 29. b6 Qe7 30. Bxd5 Ra8 31. Bxb7 Rxa7 32. bxa7 1-0

[Event "XXVI Torneo Abierto de Collado"]
[Site "Collado Villalba"]
[Date "2010.08.21"]
[Round "2"]
[White "Pablos Tenrero, Raquel"]
[Black "Arias Castanedo, Jacinto"]
[Result "1-0"]
[WhiteElo "1868"]
[BlackElo "2018"]
[PlyCount "69"]
[EventDate "2010.08.20"]
[EventRounds "9"]
[EventCountry "ESP"]

1. e4 c5 2. c3 d5 3. exd5 Qxd5 4. d4 Nf6 5. Nf3 Bg4 6. dxc5 Qxd1+ 7. Kxd1 Nc6
8. Be3 e5 9. Ke1 Nd5 10. b4 Bxf3 11. gxf3 a5 12. b5 Nd8 13. Bd3 Nxe3 14. fxe3
Bxc5 15. Ke2 Ne6 16. Be4 O-O-O 17. Nd2 b6 18. Nc4 f6 19. Bf5 Kd7 20. Rad1+ Ke7
21. Rxd8 Nxd8 22. Rd1 Ne6 23. a4 Rc8 24. Nd2 g6 25. Be4 f5 26. Bd5 Rc7 27. Nc4
Kf6 28. Bc6 Re7 29. Rd5 Ng5 30. Nxa5 Bxe3 31. Kxe3 bxa5 32. b6 f4+ 33. Ke2 e4
34. b7 exf3+ 35. Kf1 1-0

[Event "XXVI Torneo Abierto de Collado"]
[Site "Collado Villalba"]
[Date "2010.08.21"]
[Round "2"]
[White "Aguado Rodriguez, Guillermo"]
[Black "Vargas Huamani, Juan C"]
[Result "1/2-1/2"]
[WhiteElo "1845"]
[BlackElo "2013"]
[PlyCount "80"]
[EventDate "2010.08.20"]
[EventRounds "9"]
[EventCountry "ESP"]

1. e4 c5 2. d4 cxd4 3. c3 dxc3 4. Nxc3 Nc6 5. Nf3 e6 6. Bc4 Nf6 7. O-O Be7 8.
Qe2 O-O 9. h3 a6 10. Bf4 Qa5 11. Rfd1 b5 12. Bb3 b4 13. Na4 h6 14. Rac1 e5 15.
Be3 Rb8 16. Nc5 d6 17. Nd3 Bb7 18. Nd2 Ba8 19. f4 exf4 20. Nxf4 Ne5 21. Nd5
Nxd5 22. exd5 Bxd5 23. Nc4 Nxc4 24. Bxc4 Bxc4 25. Rxc4 Rbe8 26. Qg4 d5 27. Rc6
Bg5 28. Bxg5 hxg5 29. Qxg5 Qxa2 30. Rxd5 Qxb2 31. Rxa6 Re1+ 32. Kh2 Qb1 33.
Rad6 Rh1+ 34. Kg3 Qe1+ 35. Kg4 Qe2+ 36. Kh4 Qe4+ 37. Kg3 Qe1+ 38. Kg4 Qe2+ 39.
Kh4 Qf2+ 40. g3 Qg2 1/2-1/2

[Event "XXVI Torneo Abierto de Collado"]
[Site "Collado Villalba"]
[Date "2010.08.21"]
[Round "2"]
[White "Sanchez Delgado, Lidia"]
[Black "Herrero Corada, Jose Ignacio"]
[Result "1/2-1/2"]
[WhiteElo "2003"]
[BlackElo "1891"]
[PlyCount "56"]
[EventDate "2010.08.20"]
[EventRounds "9"]
[EventCountry "ESP"]

1. e4 c6 2. d4 d5 3. Nc3 dxe4 4. Nxe4 Nf6 5. Ng3 c5 6. c3 cxd4 7. cxd4 Nc6 8.
Bd3 Nxd4 9. Be3 Qa5+ 10. Bd2 Qe5+ 11. N1e2 Nxe2 12. Bxe2 Qxb2 13. O-O Bd7 14.
Rb1 Qxa2 15. Rxb7 Rd8 16. Qc1 Rc8 17. Bb5 Kd8 18. Qa1 Qxa1 19. Rxa1 Bxb5 20.
Rxb5 Ke8 21. Rxa7 Rd8 22. Ba5 Rc8 23. Rbb7 Ne4 24. Kf1 Nd6 25. Rd7 Nb5 26. Rab7
Nd6 27. Ra7 Nb5 28. Rab7 Nd6 1/2-1/2

[Event "XXVI Torneo Abierto de Collado"]
[Site "Collado Villalba"]
[Date "2010.08.21"]
[Round "2"]
[White "Ledo Galan, Jose Emilio"]
[Black "Gonzalo Gonzalez, Francisco"]
[Result "1-0"]
[WhiteElo "1977"]
[BlackElo "1780"]
[PlyCount "55"]
[EventDate "2010.08.20"]
[EventRounds "9"]
[EventCountry "ESP"]

1. e4 c5 2. Nf3 Nc6 3. d4 cxd4 4. Nxd4 d6 5. Nc3 g6 6. Be3 Bg7 7. Qd2 Nf6 8. f3
O-O 9. Bc4 a6 10. h4 Nxd4 11. Bxd4 b5 12. Bb3 Bd7 13. Nd5 Nxd5 14. Bxd5 Bxd4
15. Qxd4 Rc8 16. O-O-O Be6 17. h5 Bxd5 18. hxg6 e5 19. gxh7+ Kh8 20. Qxd5 Qg5+
21. Kb1 Qxg2 22. Qd3 Rfd8 23. c3 Rb8 24. Qe3 Qg7 25. Rh6 f6 26. Rg1 Qb7 27.
Rgg6 Rf8 28. Qg1 1-0

[Event "XXVI Torneo Abierto de Collado"]
[Site "Collado Villalba"]
[Date "2010.08.21"]
[Round "2"]
[White "De Dompablo Fantova, Juan"]
[Black "Perez Cameselle, Francisco"]
[Result "0-1"]
[WhiteElo "1767"]
[BlackElo "1974"]
[PlyCount "88"]
[EventDate "2010.08.20"]
[EventRounds "9"]
[EventCountry "ESP"]

1. c4 Nf6 2. g3 g6 3. Bg2 Bg7 4. Nf3 d6 5. Nc3 e5 6. O-O O-O 7. d4 Nbd7 8. Qc2
c6 9. Bd2 Re8 10. Rfe1 exd4 11. Nxd4 Ng4 12. Nf3 Qb6 13. e3 Nde5 14. Nxe5 Nxe5
15. Qb3 Qc7 16. f4 Nd3 17. Red1 Bg4 18. Rf1 Nc5 19. Qc2 Bf5 20. Qd1 Bd3 21. Re1
Bxc4 22. Bf1 Bxf1 23. Rxf1 Ne4 24. Nxe4 Rxe4 25. Qb3 Qb6 26. Qxb6 axb6 27. Bc1
d5 28. Kf2 Rb4 29. a3 b5 30. Rd1 Bxb2 31. Ra2 Bxc1 32. Rxc1 Rba4 33. Rca1 b4
34. Rb1 Rxa3 35. Rxa3 bxa3 36. Ra1 a2 37. Ke2 Kf8 38. Kd3 Ke7 39. Kd4 Kd6 40.
Kc3 c5 41. Kb2 f5 42. Kb3 Ra6 43. Kb2 c4 44. Kc3 Kc5 0-1

[Event "XXVI Torneo Abierto de Collado"]
[Site "Collado Villalba"]
[Date "2010.08.21"]
[Round "2"]
[White "Gordillo, Manuel"]
[Black "De La Rosa Bretin, Adrian"]
[Result "1/2-1/2"]
[WhiteElo "1965"]
[BlackElo "1691"]
[PlyCount "102"]
[EventDate "2010.08.20"]
[EventRounds "9"]
[EventCountry "ESP"]

1. e4 c5 2. Nf3 Nc6 3. Bb5 d6 4. O-O Bd7 5. c4 a6 6. Ba4 Nf6 7. Nc3 g6 8. d3
Bg7 9. Bg5 O-O 10. Ne1 Nd4 11. Bxd7 Qxd7 12. Nc2 Nxc2 13. Qxc2 b5 14. Rad1 Rab8
15. Rfe1 h6 16. Bc1 b4 17. Ne2 b3 18. Qb1 bxa2 19. Qxa2 Qb7 20. Rd2 Nd7 21. Rc2
Qb3 22. Qxb3 Rxb3 23. Nc3 Rfb8 24. Kf1 e6 25. f4 Bd4 26. g4 Kg7 27. Ke2 R8b4
28. h4 Nb6 29. Be3 Rxb2 30. Kd2 Bxe3+ 31. Rxe3 Rxc2+ 32. Kxc2 Na4 33. Nxa4 Rxa4
34. Kb2 Kf6 35. g5+ hxg5 36. hxg5+ Kg7 37. Re1 Rb4+ 38. Kc3 e5 39. f5 f6 40.
Rg1 gxf5 41. exf5 fxg5 42. Rxg5+ Kf7 43. Rg6 Rb6 44. Kd2 a5 45. Ke3 a4 46. Rg2
a3 47. Ke4 Rb2 48. Rg1 a2 49. Ra1 Ke7 50. Kd5 Rf2 51. f6+ Kxf6 1/2-1/2

[Event "XXVI Torneo Abierto de Collado"]
[Site "Collado Villalba"]
[Date "2010.08.21"]
[Round "2"]
[White "Fernandez Gil, Ruben Carlos"]
[Black "Hernandez Yanez, Javier"]
[Result "0-1"]
[WhiteElo "1721"]
[BlackElo "1955"]
[PlyCount "72"]
[EventDate "2010.08.20"]
[EventRounds "9"]
[EventCountry "ESP"]

1. e4 e6 2. d3 d5 3. Nd2 c5 4. g3 Bd6 5. Bg2 Ne7 6. Ngf3 Nbc6 7. c3 Qc7 8. O-O
O-O 9. Re1 f6 10. h4 b5 11. Nf1 a5 12. a3 Bd7 13. N1h2 d4 14. cxd4 cxd4 15. g4
a4 16. g5 Bf4 17. Bxf4 Qxf4 18. Qc1 Qxc1 19. Raxc1 e5 20. Rc5 Rfb8 21. Rb1 b4
22. Rcc1 bxa3 23. bxa3 Rb3 24. Rxb3 axb3 25. Ra1 Be6 26. Nd2 Nb4 27. Bf1 Nc2
28. Rb1 Rxa3 29. Nc4 Bxc4 30. dxc4 Nc6 31. c5 Kf8 32. Kg2 Na5 33. Bb5 Ra1 34.
Rb2 Ra2 35. Rb1 Na3 36. c6 Nxb5 0-1

[Event "XXVI Torneo Abierto de Collado"]
[Site "Collado Villalba"]
[Date "2010.08.21"]
[Round "2"]
[White "Cano Cabanillas, Javier"]
[Black "Montoya Pecurul, Marc"]
[Result "1-0"]
[WhiteElo "1955"]
[BlackElo "1589"]
[PlyCount "69"]
[EventDate "2010.08.20"]
[EventRounds "9"]
[EventCountry "ESP"]

1. e4 e5 2. Bc4 Nc6 3. Nf3 Nf6 4. Ng5 d5 5. exd5 Na5 6. Bb5+ c6 7. dxc6 bxc6 8.
Qf3 Bb7 9. Ba4 Bd6 10. b4 Bxb4 11. Ba3 Bxa3 12. Qxa3 Nd5 13. Ne4 Nc4 14. Qc5
Ndb6 15. d3 Nxa4 16. Qxc4 Qa5+ 17. Nbc3 Nxc3 18. Nd6+ Ke7 19. Nxb7 Qb5 20. Qxc3
Qxb7 21. Qxe5+ Kd7 22. O-O f6 23. Qd4+ Kc8 24. Rab1 Qd7 25. Qxd7+ Kxd7 26. Rb7+
Kd6 27. Rxg7 Rab8 28. Rxa7 Rb2 29. Rc1 Re8 30. Kf1 Kc5 31. Ra4 Kb5 32. Rc4 Rxa2
33. Rb1+ Ka5 34. Rc5+ Ka4 35. Rxc6 1-0

[Event "XXVI Torneo Abierto de Collado"]
[Site "Collado Villalba"]
[Date "2010.08.21"]
[Round "2"]
[White "Garcia-Sanchez Navarro, Mariano"]
[Black "Gal, Eugen"]
[Result "0-1"]
[WhiteElo "1606"]
[BlackElo "1934"]
[PlyCount "61"]
[EventDate "2010.08.20"]
[EventRounds "9"]
[EventCountry "ESP"]

1. c4 Nf6 2. Nc3 g6 3. g3 d5 4. cxd5 Nxd5 5. Bg2 c6 6. e3 Bg7 7. Nge2 e5 8. Rb1
O-O 9. O-O Be6 10. h3 Na6 11. a3 Qd7 12. Kh2 Nac7 13. b4 a5 14. b5 cxb5 15. f4
Rad8 16. e4 Nxc3 17. Nxc3 exf4 18. Ne2 fxg3+ 19. Nxg3 Be5 20. Rf3 h5 21. Kh1
Bxh3 22. Nxh5 Bg4 23. Qf1 Bxh5 24. Bh3 Bxf3+ 25. Qxf3 Qd3 26. Qxd3 Rxd3 27. Bf1
Rd6 28. Bxb5 Rb6 29. a4 Nxb5 30. axb5 a4 31. Ba3 0-1

[Event "XXVI Torneo Abierto de Collado"]
[Site "Collado Villalba"]
[Date "2010.08.22"]
[Round "3"]
[White "Moreno Ruiz, Javier"]
[Black "Sanz Castillo, Santiago"]
[Result "1-0"]
[WhiteElo "2494"]
[BlackElo "2228"]
[PlyCount "41"]
[EventDate "2010.08.20"]
[EventRounds "9"]
[EventCountry "ESP"]

1. d4 d5 2. c4 Nc6 3. Nf3 Bg4 4. Nc3 Bxf3 5. exf3 e6 6. cxd5 exd5 7. Bb5 Qd6 8.
O-O O-O-O 9. Be3 Nge7 10. Rc1 g6 11. Na4 Qb4 12. Rc5 Na5 13. Bd2 Qxd4 14. Rxc7+
Kb8 15. Bxa5 Qxd1 16. Rxd1 b6 17. Bc3 d4 18. Rxd4 Bg7 19. Rxd8+ Rxd8 20. Rxe7
Bxc3 21. Nxc3 1-0

[Event "XXVI Torneo Abierto de Collado"]
[Site "Collado Villalba"]
[Date "2010.08.22"]
[Round "3"]
[White "Solaesa Navalpotro, Luis Julio"]
[Black "Roa Alonso, Santiago"]
[Result "1/2-1/2"]
[WhiteElo "2227"]
[BlackElo "2454"]
[PlyCount "64"]
[EventDate "2010.08.20"]
[EventRounds "9"]
[EventCountry "ESP"]

1. d4 e6 2. c4 Nf6 3. Nf3 c5 4. d5 exd5 5. cxd5 g6 6. Nc3 d6 7. e4 Bg7 8. h3
O-O 9. Bd3 b5 10. Bxb5 Nxe4 11. Nxe4 Qa5+ 12. Nfd2 Qxb5 13. Nxd6 Qa6 14. N2c4
Nd7 15. O-O Nb6 16. Nxb6 Qxb6 17. Nxc8 Raxc8 18. Rb1 Rfd8 19. Qf3 Qb7 20. Rd1
Bd4 21. Be3 Qxd5 22. Qxd5 Rxd5 23. Rd3 Re5 24. Bxd4 cxd4 25. Rbd1 Re2 26. R1d2
Rc1+ 27. Kh2 Rc2 28. Rxe2 Rxe2 29. Rxd4 Rxb2 30. Ra4 Rb7 31. Ra6 h5 32. h4 Kg7
1/2-1/2

[Event "XXVI Torneo Abierto de Collado"]
[Site "Collado Villalba"]
[Date "2010.08.22"]
[Round "3"]
[White "Sanchez Gonzalez, Sergio"]
[Black "Madina Yadarola, Martin"]
[Result "0-1"]
[WhiteElo "2311"]
[BlackElo "2226"]
[PlyCount "60"]
[EventDate "2010.08.20"]
[EventRounds "9"]
[EventCountry "ESP"]

1. c4 Nf6 2. Nc3 d5 3. cxd5 Nxd5 4. Nf3 Nxc3 5. bxc3 g6 6. d4 Bg7 7. e3 O-O 8.
Be2 c5 9. O-O Qc7 10. Ba3 b6 11. dxc5 Rd8 12. Qb3 Nc6 13. Nd4 Bb7 14. Rab1 Nxd4
15. cxd4 e5 16. Rfc1 exd4 17. cxb6 Qe5 18. Rc5 Qe8 19. Rc7 Bd5 20. Qb5 axb6 21.
Be7 dxe3 22. Bxd8 exf2+ 23. Kf1 Qe5 24. Bc4 Rxd8 25. Bxd5 Qxc7 26. Rd1 h5 27.
g3 h4 28. Qb3 Bf6 29. Qf3 Kg7 30. Qxf2 Rxd5 0-1

[Event "XXVI Torneo Abierto de Collado"]
[Site "Collado Villalba"]
[Date "2010.08.22"]
[Round "3"]
[White "Alcazar Jimenez, Jesus"]
[Black "Estrada Martinez, Cesar"]
[Result "1-0"]
[WhiteElo "2287"]
[BlackElo "2218"]
[PlyCount "61"]
[EventDate "2010.08.20"]
[EventRounds "9"]
[EventCountry "ESP"]

1. Nf3 Nf6 2. g3 d5 3. Bg2 Bg4 4. Ne5 Bf5 5. c4 Nbd7 6. Nxd7 Qxd7 7. cxd5 Bxb1
8. Rxb1 Nxd5 9. O-O e6 10. d4 Be7 11. e4 Nb6 12. b3 Rd8 13. Bb2 O-O 14. a4 Bb4
15. d5 f6 16. Bh3 f5 17. dxe6 Qxd1 18. Rbxd1 fxe4 19. a5 Nc8 20. Rd7 Rxd7 21.
exd7 Nd6 22. Be6+ Nf7 23. Rd1 Rd8 24. Rd5 Kf8 25. Rf5 Ke7 26. Bxf7 Rxd7 27. Bd5
c6 28. Rf7+ Kd6 29. Rxd7+ Kxd7 30. Bxe4 g6 31. a6 1-0

[Event "XXVI Torneo Abierto de Collado"]
[Site "Collado Villalba"]
[Date "2010.08.22"]
[Round "3"]
[White "Garcia Salamero, Gabriel"]
[Black "Longa Yauca, Javier"]
[Result "1/2-1/2"]
[WhiteElo "2157"]
[BlackElo "2285"]
[PlyCount "70"]
[EventDate "2010.08.20"]
[EventRounds "9"]
[EventCountry "ESP"]

1. e4 e6 2. d4 d5 3. e5 c5 4. c3 Nc6 5. Nf3 Bd7 6. a3 h5 7. Be2 Nh6 8. b4 cxd4
9. cxd4 Rc8 10. Nbd2 Nf5 11. Nb3 Be7 12. Bd3 b6 13. Bxf5 exf5 14. h4 Nb8 15.
Qd3 Qc7 16. Bd2 Qc4 17. Nc1 O-O 18. Qxc4 Rxc4 19. Ne2 Be6 20. Rc1 Rfc8 21. O-O
Nd7 22. Rxc4 Rxc4 23. Rc1 Rxc1+ 24. Bxc1 b5 25. Nf4 g6 26. Kf1 Nb6 27. Ke2 Nc4
28. Kd3 a5 29. bxa5 Nxa5 30. Ng5 Bxg5 31. hxg5 Kf8 32. Ne2 Nc6 33. Bd2 Ke8 34.
Bb4 Nxb4+ 35. axb4 Kd7 1/2-1/2